Hospitality biz: (Record no. 86627)

MARC details
000 -LEADER
fixed length control field 00788cas a2200241 i 4500
001 - CONTROL NUMBER
control field 10828371
005 - DATE AND TIME OF LATEST TRANSACTION
control field 20140709112450.0
006 - FIXED-LENGTH DATA ELEMENTS--ADDITIONAL MATERIAL CHARACTERISTICS--GENERAL INFORMATION
fixed length control field m d
007 - PHYSICAL DESCRIPTION FIXED FIELD--GENERAL INFORMATION
fixed length control field ta
008 - FIXED-LENGTH DATA ELEMENTS--GENERAL INFORMATION
fixed length control field 140430c20uu9999ii mr p|s|||||| |0eng d
050 #4 - LIBRARY OF CONGRESS CALL NUMBER
Classification number TX901
130 0# - MAIN ENTRY--UNIFORM TITLE
Uniform title Hospitality biz
210 10 - ABBREVIATED TITLE
Abbreviated title Hospitality biz
245 10 - TITLE STATEMENT
Title Hospitality biz:
Medium for the hospitality professional /
260 ## - PUBLICATION, DISTRIBUTION, ETC. (IMPRINT)
Place of publication, distribution, etc Mumbai :
Name of publisher, distributor, etc Saffron Synergies
Date of publication, distribution, etc 2014-
300 ## - PHYSICAL DESCRIPTION
Extent v.
Dimensions 36 cm (Pbk)
310 ## - CURRENT PUBLICATION FREQUENCY
Current publication frequency Monthly
650 #0 - SUBJECT ADDED ENTRY--TOPICAL TERM
Topical term or geographic name as entry element Hospitality industry
Form subdivision Periodicals.
776 1# - ADDITIONAL PHYSICAL FORM ENTRY
Title Hospitality biz
Record control number (WaSeSS)IndRDA00019864
856 40 - ELECTRONIC LOCATION AND ACCESS
Uniform Resource Identifier <a href="www.hospitalitybizindia.com">www.hospitalitybizindia.com</a>
270 ## - ADDRESS
Address 5/7, Sorabji Santuk Lane, Opp Dr. Cawasji Hormasji Street Dhobi Talao
City Mumbai
Postal code 400002
Telephone number 22-67121854
Electronic mail address subscriber@hospitalitybizindia.com
942 ## - ADDED ENTRY ELEMENTS (KOHA)
Source of classification or shelving scheme Dewey Decimal Classification
Item type Periodicals
Serial record 1
Holdings
Withdrawn status Lost status Source of classification or shelving scheme Damaged status Not for loan Collection code Home library Current library Date acquired Total Checkouts Date last seen Price effective from Koha item type
    Dewey Decimal Classification   Not For Loan Non-fiction D.B.Act.Division D.B.Act.Division 09/07/2014   09/07/2014 09/07/2014 Periodicals

© Delhi Public Library
Hit Counter
free hit counter